000 00453nam a2200181Ia 4500
001 8191
005 20260306160551.0
008 260306t2016||||xx |||||||||||||| ||spa||
041 _aESP
082 _a370.15
_bB59
100 _aBisquerra, Rafael
_eAUT
245 0 _aEducación emocional:
_bpropuestas para educadores y familias
260 _c2016
300 _a259 páginas :
_c21 cm.
650 _aGEN
654 _aCED
942 _cLIB
_dJUS
_fJUS
_2ddc
_n
999 _c8191
_d8191